000 00726nam a2200265Ia 4500
003 OSt
005 20221007065349.0
006 a|||||r|||| 00| 0
007 ta
008 221006b |||||||| |||| 00| 0 eng d
020 _a0878020012
024 _a7,271
037 _cTextual
040 _aFLL
_cFLL
_beng
041 _2eng
_aeng
082 _aZaN7, L1.2
100 _aJacobstein J. Myron
_9686889
245 0 _aLaw books in print
260 _aDobbs
_bFerry Glanville Publishers, Inc. New York
_c1971
300 _axviii,378p
_ccm.
490 _v2
700 _a Pimsleur Meira G.
_9686890
942 _hZaN7, L1.2
_cTEXL
_2CC
999 _c1137104
_d1137104